Geografía-Atlas o nuevo curso de geografía general. Cuarto grado para uso de primera y segunda enseñanza de los seminarios

Guardado en:
Detalles Bibliográficos
Autor principal: F. T. D.
Formato: Libro
Lenguaje:español
Publicado: Barcelona Edit. F. T. D. 1924
Edición:8ª ed.
Catálogo:MANES:  Resultados de Búsqueda del Catálogo
Clasificación de libros de texto:
Etiquetas: Agregar Etiqueta
Sin Etiquetas, Sea el primero en etiquetar este registro!
Añadido a:2019-03-08
Cambiado en:2019-03-09

MARC

LEADER 00000nam a2200000 4500
005 20190309163504.0
008 190309b xxu||||| |||| 00| 0 spa d
040 |a centro_manes  |c universidad_colima 
100 |9 23340  |a F. T. D. 
245 |a Geografía-Atlas o nuevo curso de geografía general. Cuarto grado para uso de primera y segunda enseñanza de los seminarios 
250 |a 8ª ed. 
260 |a Barcelona  |b Edit. F. T. D.  |c 1924 
300 |a 92 p.  |c 26 cm.  |e ils.,maps. 
500 |a Aparece: Francisco Ziga, “Bibliografía Pedagógica. Libros de texto para enseñanza primaria 1850-1970 V. Libros de Geografía” en Boletín del Instituto de Investigaciones Bibliográficas 1981-1982, Biblioteca Nacional, Hemeroteca Nacional, Universidad Nacional Autónoma de México, Nos. 18-19, p. 26. 
690 0 |a GEO 
691 0 |a PRI 
942 |2 ddc  |c BK 
999 |c 55639  |d 55639 
999 |c manes:55639  |d 55639